Rapporto Irer '91-'92 (2 volumi) (Record n. 209216)
[ formato base ]
| 000 -LEADER | |
|---|---|
| fixed length control field | 01015nam a2200217Ia 4500 |
| 001 - CONTROL NUMBER | |
| control field | dg29-1523 [d000001562] |
| 003 - CONTROL NUMBER IDENTIFIER | |
| control field | IT-MiCISF |
| 008 - FIXED-LENGTH DATA ELEMENTS--GENERAL INFORMATION | |
| fixed length control field | 161014s9999||||xx |||||||||||||| ||und|| |
| 040 ## - CATALOGING SOURCE | |
| Original cataloging agency | IT-MiCISF |
| Transcribing agency | IT-MiCISF |
| 041 ## - LANGUAGE CODE | |
| Language code of text/sound track or separate title | it |
| 999 ## - SYSTEM CONTROL NUMBERS (KOHA) | |
| Koha Dewey Subclass [OBSOLETE] | si |
| 100 ## - MAIN ENTRY--PERSONAL NAME | |
| Personal name | Gario Giuseppe |
| 245 #0 - TITLE STATEMENT | |
| Title | Rapporto Irer '91-'92 (2 volumi) |
| 250 ## - EDITION STATEMENT | |
| Edition statement | 1a ed. |
| 260 ## - PUBLICATION, DISTRIBUTION, ETC. (IMPRINT) | |
| Name of publisher, distributor, etc. | Irer - Istituto regionale di ricerca della Lombardia |
| Date of publication, distribution, etc. | 1993 |
| 300 ## - PHYSICAL DESCRIPTION | |
| Extent | pp. 287 |
| 500 ## - GENERAL NOTE | |
| General note | Bianchi C., Della Vedova B., Gay G., Paba S., Lunghini G., Cagli C., Moriggi L., Goggi G., Rigamonti P., Trebbi G., Allievi S., Bramanti D., Degiardi E., Dosso C., Gregorio D., Chiesi A.M., Martinelli A., Angiolini V., Colombo A., Colucci M., De Capitani E., Fossati A., Majocchi A., Varesi P.A., Treu T. / società, economia, lavoro, territorio, situazione-demografica, cultura, sanità, famiglia-a-rischio, famiglia-migranti, devianza, scuola, disoccupazione / documento |
| 650 ## - SUBJECT ADDED ENTRY--TOPICAL TERM | |
| Topical term or geographic name as entry element | società |
| 700 ## - ADDED ENTRY--PERSONAL NAME | |
| Personal name | AA.VV. |
| 942 ## - ADDED ENTRY ELEMENTS (KOHA) | |
| Koha item type | LIBRO |
| 957 ## - | |
| -- | 1 |
| 999 ## - SYSTEM CONTROL NUMBERS (KOHA) | |
| -- | 1 |
| Withdrawn status | Lost status | Damaged status | Not for loan | Home library | Current library | Date acquired | Total Checkouts | Full call number | Date last seen | Price effective from | Koha item type | Public note |
|---|---|---|---|---|---|---|---|---|---|---|---|---|
| Buone Condizioni | Not For Loan | CISF - Milano | CISF - Milano | 14/10/2016 | dg29-1523 [d000001562] | 14/10/2016 | 14/10/2016 | LIBRO | Data import 15.10.2016 / by Epidotti, Vaglietti |